| 000 | 00332nam a2200121Ia 4500 | ||
|---|---|---|---|
| 008 | 241014s9999||||xx |||||||||||||| ||und|| | ||
| 020 | _a978 81 89836 16 0 | ||
| 100 | _aKoda-Kamble Mary Anne | ||
| 245 | 0 | _aHand book of Applied therapeutices | |
| 260 |
_blippcott williams & wilkins _c2007 |
||
| 650 | _aPharmacology | ||
| 942 |
_bDCOP _cBK |
||
| 999 |
_c401 _d401 |
||